Регионална библиотека "Любен Каравелов" - Русе

La situation juridique des macedoniens en Yougoslavie (Запис номер 344826)

MARC детайли
000 -Лидер
Контролно поле с фиксирана дължина 01339nam a2200301 c 4500
003 - Код на организацията, давaща контролен номер
Контролно поле BLK
005 - Дата и час на последна редакция
Контролно поле 20210923111609.0
008 - Елементи от данни с фиксирана дължина
fixed length control field 180911b bul|||||r ||||||| ||bul||
010 ## - Наследен системен номер
LC control number 004492
040 ## - Източник на каталожния запис
Идентификатор на билиотеката - собственик на записа BLK
041 ## - Код за език
Код за езика на текст/звукозапис или на отделно заглавие Френски
Код за езика КДБФ Български
080 ## - УДК
УДК - код + определител 949.7
100 ## - Редна дума - Автор
Автор Strupp, Karl
Авторска отговорност първи автор
R(LIN) 397313
139 ## - Редно поле
Редна дума Strupp, Karl
245 00 - Сведения за заглавието
Заглавие La situation juridique des macedoniens en Yougoslavie
Редно поле (дума) Karl Strupp
260 ## - Област на издателските данни
Място на издаване, разпространение и проч. Paris
Име на издателя, разпространителя и проч. Les presses universitaires de France
Година на издаване 1929
300 ## - Физическа характеристика
Страници 140 с. : с к., 1 л
Илюстрации и др. табл.
Размери/Мащаб 23 см
380 ## - Жанр
Жанр История
490 ## - СЕРИИ (Колекции)
Име на серия Частна колекция - Академик Михаил Арнаудов
Бележки за серията Дарение - Основен фонд
500 ## - Общи забележки
Забележка Автограф с текст: На Господин Проф. М. Арнаудов, от Макед. Нац. Комитет
520 ## - Забележка за наличие на резюме, анотация и т.н
Анотация, рецензия, сканиран текст Михаил Арнаудов: на други лица-лист-ръкописнегови-изрезка
520 ## - Забележка за наличие на резюме, анотация и т.н
Анотация, рецензия, сканиран текст Писмо на Македонския национален комитет, 20.I.1930 г., придружаващо книгатаСтатия по темата на книгата : в. Македония, 24.I.1930 г.
650 ## - Допълнително описание по предмет – тема
Основно описание – тема или топоним Балкански страни
9 (RLIN) 397314
650 ## - Допълнително описание по предмет – тема
Основно описание – тема или топоним Балкански страни
9 (RLIN) 397314
655 ## - Ключова дума – жанр/разновидност
Данни за жанр/разновидност или ключова дума за фокус история
700 1# - Други автори (авторска отговорност)
Лично име Karl Strupp
9 (RLIN) 397315
852 ## - Местоположение
Форматна сигнатура МА 657
Фондова буква Фонд "Михаил Арнаудов"
852 ## - Местоположение
Форматна сигнатура Цб 9.230.10754
999 ## - СИСТЕМНИ КОНТРОЛНИ НОМЕРА
Koha biblionumber 344826
Koha biblioitemnumber 344826
942 ## - АРТИКУЛИ
Вид на библиотечния материал Книги
Скрит в OPAC Не
Периодичен библиозапис Да
944 ## - СЪЗДАВАНЕ И РЕДАКЦИЯ на ЗАПИСА
Създаване/Редакция Създаване
Дата на регистрацията/редакция 1995
Служител, извършил регистрацията/редакцията ValK
999 ## - СИСТЕМНИ КОНТРОЛНИ НОМЕРА
Koha biblioitemnumber 344826
999 ## - СИСТЕМНИ КОНТРОЛНИ НОМЕРА
Koha biblioitemnumber 344826
999 ## - СИСТЕМНИ КОНТРОЛНИ НОМЕРА
Koha biblioitemnumber 344826
Наличности
Код за отписване Код за изгубен артикул Източник на класификационната схема Код за повреда Коз за рестрикции Код за отдаване Артикулен № Име на библиотеката - собственик Име на библиотеката, в която се намира в момента Статус (Текущо местоположение) Местоположение - отдел Цена в лева Номерация (Хронология) Инвентарен номер Систематично азбучна сигнатура Баркод Номер на екземпляра Цена в евро Служебен тип на артикула Бележка за публиката Дата на вписване в системата
  Не е изгубен Universal Decimal Classification Не е повреден само за читалня Специални фондове ( старопечатни, редки и ценни, фонд М. Арнаудов) 745302 Регионална библиотека "Любен Каравелов" Русе Регионална библиотека "Любен Каравелов" Русе Фонд "Михаил Арнаудов" Фонд "Михаил Арнаудов" 10.00 Автограф: Макед. Нац. Комитет 587829 МА 657 120000587829 1 5.11 Книги  
  Не е изгубен Universal Decimal Classification Не е повреден само за читалня ползва се в читалня 854711 Регионална библиотека "Любен Каравелов" Русе Регионална библиотека "Любен Каравелов" Русе Хранилище Основен фонд - ползва се само за читалня 0.28   10754 Цб 9.230.10754 900000078500   0.14 Книги   2021-09-24
Vip Innovations Ltd, Rousse, Bulgaria 2025